ARRUPE JESUIT UNIVERSITY

CORONAVIRUS -STOP THE SPREAD - CLEAN,DISINFECT,COVER

Twentieth-century continental philosophy / (Record no. 123415)

MARC details
000 -LEADER
fixed length control field 01360cam a2200361 a 4500
001 - CONTROL NUMBER
control field 13631001
003 - CONTROL NUMBER IDENTIFIER
control field ARRUPE
005 - DATE AND TIME OF LATEST TRANSACTION
control field 20150923082752.0
008 - FIXED-LENGTH DATA ELEMENTS--GENERAL INFORMATION
fixed length control field 040621r20031994enk b 001 0 eng d
010 ## - LIBRARY OF CONGRESS CONTROL NUMBER
LC control number 2004445463
020 ## - INTERNATIONAL STANDARD BOOK NUMBER
International Standard Book Number 0415308801 (pbk.)
020 ## - INTERNATIONAL STANDARD BOOK NUMBER
International Standard Book Number 0415056292 (hbk)
035 ## - SYSTEM CONTROL NUMBER
System control number (OCoLC)ocm51107952
040 ## - CATALOGING SOURCE
Original cataloging agency UKM
Transcribing agency UKM
Modifying agency OCLCQ
-- DLC
042 ## - AUTHENTICATION CODE
Authentication code lccopycat
043 ## - GEOGRAPHIC AREA CODE
Geographic area code e------
050 00 - LIBRARY OF CONGRESS CALL NUMBER
Classification number Q175.
Item number K24 1994
082 00 - DEWEY DECIMAL CLASSIFICATION NUMBER
Classification number 190/.9/04
Edition number 22
300 ## - PHYSICAL DESCRIPTION
Dimensions 24 cm.
100 ## - MAIN ENTRY--PERSONAL NAME
Personal name Kearney, Richard.
9 (RLIN) 19888
245 00 - TITLE STATEMENT
Title Twentieth-century continental philosophy /
Statement of responsibility, etc edited by Richard Kearney.
246 18 - VARYING FORM OF TITLE
Title proper/short title Continental philosophy in the 20th century
260 ## - PUBLICATION, DISTRIBUTION, ETC. (IMPRINT)
Place of publication, distribution, etc London ; New York :
Name of publisher, distributor, etc Routledge,
Date of publication, distribution, etc 1994
300 ## - PHYSICAL DESCRIPTION
Extent xlv, 524 p. ;
440 #0 - SERIES STATEMENT/ADDED ENTRY--TITLE
Title Routledge history of philosophy ;
Volume number/sequential designation v. 8
9 (RLIN) 19889
500 ## - GENERAL NOTE
General note Originally published: London ; New York : Routledge, 1994.
504 ## - BIBLIOGRAPHY, ETC. NOTE
Bibliography, etc Includes bibliographical references and index.
650 #0 - SUBJECT ADDED ENTRY--TOPICAL TERM
Topical term or geographic name as entry element Science
Chronological subdivision 20th century
9 (RLIN) 19890
General subdivision philosophy
700 1# - ADDED ENTRY--PERSONAL NAME
Personal name Kearney, Richard.
9 (RLIN) 19888
856 42 - ELECTRONIC LOCATION AND ACCESS
Materials specified Publisher description
Uniform Resource Identifier <a href="http://www.loc.gov/catdir/enhancements/fy0650/2004445463-d.html">http://www.loc.gov/catdir/enhancements/fy0650/2004445463-d.html</a>
906 ## - LOCAL DATA ELEMENT F, LDF (RLIN)
a 7
b cbc
c copycat
d 2
e ncip
f 20
g y-gencatlg
942 ## - ADDED ENTRY ELEMENTS (KOHA)
Source of classification or shelving scheme Library of Congress Classification
Koha item type Monograph ( Printed materials)
Holdings
Withdrawn status Lost status Source of classification or shelving scheme Damaged status Not for loan Collection code Home library Current library Shelving location Date acquired Total Checkouts Full call number Barcode Date last seen Date checked out Price effective from Koha item type
    Library of Congress Classification     Main Collection ARRUPE LIBRARY ARRUPE LIBRARY Main Collection 14/09/2015 2 Q175.K24 1994 46500005378 13/02/2023 13/01/2023 14/09/2015 Monograph ( Printed materials)

 

Arrupe Library. PO Box MP320 Mt Pleasant, Harare, Zimbabwe
263 242 745411|librarian@aju.ac.zw